000 00267nam a2200109Ia 4500
008 240625s9999 xx 000 0 und d
041 _aeng
082 _a368.3201 LOM
100 _aLOMBARDI LOUIS J
245 _aVALUATION OF LIFE INSURANCE LIABILITIES
260 _c2006
999 _c34974
_d34974